[Event "Lvov rapid Cup"]
[Site "Lvov"]
[Date "2017.05.08"]
[Round "1"]
[White "Senchichin, Jarina"]
[Black "Kravtsiv, Martyn"]
[Result "0-1"]
[WhiteElo "2125"]
[BlackElo "2653"]
[PlyCount "50"]
[EventDate "2017.05.08"]
[EventType "swiss (rapid)"]
[EventRounds "13"]
[EventCountry "UKR"]
[SourceTitle "CBM 178 Extra"]
[Source "ChessBase"]
[SourceDate "2017.06.22"]
[SourceVersion "1"]
[SourceVersionDate "2017.06.22"]
[SourceQuality "1"]

1. c4 e6 2. Nc3 d5 3. g3 d4 4. Ne4 f5 5. Bg2 fxe4 6. Bxe4 Nf6 7. Bg2 e5 8. d3 Nc6 9. Nf3 Bd6 10. a3 a5 11. 0-0 0-0 12. h3 Qe7 13. e4 Nd8 14. Bd2 a4 15. b4 axb3 16. Qxb3 Kh8 17. a4 b6 18. a5 bxa5 19. Bxa5 Nb7 20. Bd2 Nc5 21. Qc2 Rxa1 22. Rxa1 Bd7 23. Ra7 Qe8 24. Ba5 Qb8 25. Bxc7 Bxc7 0-1